|
|
|
|
| LEADER |
00000nab a2200000 a 4500 |
| 001 |
vtls000578272 |
| 003 |
SK-MaSNL |
| 005 |
20260304194745.0 |
| 008 |
120929c1996 xo 0 slo |
| 015 |
|
|
|a SNBRB19rr/mm-uuuuu
|
| 035 |
|
|
|a CL0578410
|
| 040 |
|
|
|a SNKBUCL
|b slo
|c SNKBUCL
|e AACR2
|
| 041 |
0 |
|
|a slo
|
| 044 |
|
|
|a xo
|c SK
|
| 080 |
|
|
|a 792.5
|2 1981
|
| 100 |
1 |
|
|a NL
|4 aut
|9 904527
|
| 245 |
1 |
0 |
|a Premiéra Mefistofela Arriga Boita v Opere Slovenského národného divadla
|c nl
|
| 500 |
|
|
|a Réžia Miroslav Fischer
|
| 600 |
1 |
7 |
|a Boito, Arrigo,
|d 1842-1918
|2 snkbucl
|9 73502
|
| 610 |
2 |
7 |
|a Slovenské národné divadlo
|2 snkbucl
|9 32458
|
| 655 |
|
7 |
|a články z novín a časopisov
|2 snkbucl
|9 267496
|
| 700 |
1 |
|
|a Fischer, Miroslav,
|d 1932-2013
|4 aut
|9 167354
|
| 773 |
0 |
|
|t Práca
|g Roč. 51, č. 52 (2. 3. 1996), s. 11
|
| 850 |
|
|
|a Slovenská národná knižnica v Martine
|a MTA001
|
| 852 |
|
|
|a SNK
|b KIS3GCP
|
| 958 |
|
|
|a RK
|
| 992 |
|
|
|a RBX
|
| 999 |
|
|
|c 3076539
|d 3078469
|